00897 2200289 4500001002100000005001500021035002000036007000300056008004100059040002200100082001500122084001700137090001900154100003400173245010200207300004400309650004900353850001200402041000800414504003300422264003900455336002100494337003000515338002300545546002700568990001200595INLIS00000000087526920221111103046 a0010-1122000225ta221111s1933 xx a g m 0 0 dut u aYOPDYOGbinderda 223a571.91 a571.91 VIN c aL 571.91 VIN c1 aVink, Hendrik HarmePengarang10aCirrhosis hepatis bij de huisdieren :been pathologisch-anatomisch onderzoek /cHendrik Harm Vink a175 halaman :bilustrasi, foto ;c24 cm 4aBinatang-- Penyakit--xPatologi Perbandingan aYOPDYOG0 adut aBibliografi: halaman 173-17531aUtrecht :bSchotanus & Jens,c1933 2rdacontentateks 2rdamediaatanpa perantara 2rdacarrieravolume aTeks berbahasa Belanda a44271-A